El Componente de género en las plataformas de ARENA y FMLN-USC
Guardado en:
| Format: | Texto |
|---|---|
| Fag: | |
| Tags: |
Tilføj Tag
Ingen Tags, Vær først til at tagge denne postø!
|
MARC
| LEADER | 00000 a a2200000 04500 | ||
|---|---|---|---|
| 001 | 6267 | ||
| 003 | |||
| 040 | |||
| 245 | |a El Componente de género en las plataformas de ARENA y FMLN-USC | ||
| 650 | |a MUJERES | ||
| 650 | |a PARTIDOS POLITICOS | ||
| 650 | |a ELECCIONES | ||
| 773 | |g volumen 19, número 844; páginas 8-10 | ||
| 999 | |c 27492 |d 27492 | ||
